| 000 | 01493nam a22002177a 4500 | ||
|---|---|---|---|
| 003 | JO-AjAnu | ||
| 005 | 20231211120059.0 | ||
| 008 | 231211b jo ||||| |||| 00| 0 ara d | ||
| 040 |
_aJO-AjAnu _bara _cJO-AjAnu |
||
| 041 | _aara | ||
| 050 | _aHF5686 2023 | ||
| 100 | 1 |
_aالحديد، غدير صالح خلف _964943 _eمعد |
|
| 245 |
_aاثر حوكمة تكنولوجيا المعلومات على جودة التقارير المالية في الشركات الصناعية الاردنية : الدور المعدل للمحاسبة السحابية = The hmpact of in formation Technology Goverance on the Quality of Financial Reports in the jordanian industrial Companies : The Modrating Role of coud Accounting / _cاعداد غدير صالح خلف الحديد ؛ اشراف مهند محمد العبيني، محمد سليمان جرادات |
||
| 260 |
_aعجلون، الاردن : _bجامعة عجلون الوطنية، _c2023 |
||
| 300 | _a118 ورقة | ||
| 504 | _aتبصرة عامة: رسالة جامعية (ماجستير) .- جامعة عجلون الوطنية (عجلون، الأردن)، كلية الاعمال، قسم المحاسبة، 2023 | ||
| 650 | 7 | 0 |
_aالشركات الصناعية - محاسبة - التقارير المالية - الاردن - حوكمة الشركات _964944 |
| 700 | 1 |
_aالعبيني، مهند محمد _964945 _eمشرف |
|
| 700 | 1 |
_aجرادات، محمد سليمان _950038 _eمشرف |
|
| 942 |
_2lcc _cTHS _n0 |
||
| 999 |
_c33282 _d33282 |
||